Le cinema francais; Коммуникативные аспекты языка и культуры; Ч. 3

Podrobná bibliografie
Parent link:Коммуникативные аспекты языка и культуры: сборник материалов XIII Международной научно-практической конференции студентов и молодых ученых, г. Томск, 28-30 мая 2013 г./ Национальный исследовательский Томский политехнический университет (ТПУ), Институт международного образования и языковой коммуникации (ИМОЯК) ; под ред. С. А. Песоцкой.— , 2013
Ч. 3.— 2013.— [С. 157-159]
Hlavní autor: Ahmanova O. E.
Korporativní autor: Национальный исследовательский Томский политехнический университет
Další autoři: Antropyanskaya L. N. Liliya Nikolaevna (научный руководитель)
Shrnutí:Заглавие с титульного экрана
Jazyk:angličtina
Vydáno: 2013
Edice:Переводческая деятельность студентов нелингвистических специальностей
Témata:
On-line přístup:http://www.lib.tpu.ru/fulltext/c/2013/C77/V3/060.pdf
Médium: Elektronický zdroj Kapitola
KOHA link:https://koha.lib.tpu.ru/cgi-bin/koha/opac-detail.pl?biblionumber=608502

MARC

LEADER 00000naa2a2200000 4500
001 608502
005 20260323141020.0
035 |a (RuTPU)RU\TPU\conf\5933 
035 |a RU\TPU\conf\5932 
090 |a 608502 
100 |a 20141002d2013 k y0rusy50 ba 
101 0 |a eng 
102 |a RU 
135 |a drcn ---uucaa 
181 0 |a i  
182 0 |a b 
200 1 |a Le cinema francais  |f O. E. Ahmanova  |g sci. adv. L. N. Antropyanskaya 
203 |a Текст  |c электронный 
225 1 |a Переводческая деятельность студентов нелингвистических специальностей 
300 |a Заглавие с титульного экрана 
320 |a [Библиогр.: с. 159 (3 назв.)] 
337 |a Adobe Reader 
461 1 |0 (RuTPU)RU\TPU\conf\4568  |t Коммуникативные аспекты языка и культуры  |o сборник материалов XIII Международной научно-практической конференции студентов и молодых ученых, г. Томск, 28-30 мая 2013 г.  |o в 3 ч.  |f Национальный исследовательский Томский политехнический университет (ТПУ), Институт международного образования и языковой коммуникации (ИМОЯК) ; под ред. С. А. Песоцкой  |d 2013 
463 0 |0 (RuTPU)RU\TPU\conf\4573  |t Ч. 3  |v [С. 157-159]  |d 2013 
610 1 |a труды учёных ТПУ 
610 1 |a электронный ресурс 
700 1 |a Ahmanova  |b O. E. 
702 1 |a Antropyanskaya  |b L. N.  |c linguist  |c Associate Professor of Tomsk Polytechnic University, candidate of psychological sciences  |f 1952-  |g Liliya Nikolaevna  |4 727 
712 0 2 |a Национальный исследовательский Томский политехнический университет  |c (2009- )  |9 26305 
801 2 |a RU  |b 63413507  |c 20141124  |g RCR 
850 |a 63413507 
856 4 |u http://www.lib.tpu.ru/fulltext/c/2013/C77/V3/060.pdf 
942 |c BK